[Event "?"]
[Site "?"]
[Date "2013.07.22"]
[Round "4.26"]
[White "Margenberg, Volker"]
[Black "Schröter, Sophie"]
[Result "1-0"]
[WhiteElo "1625"]
[BlackElo "988"]
[PlyCount "114"]
[EventDate "2013.??.??"]
[WhiteTeam "SV Wiehl 1923 e.V."]
[BlackTeam "SG Porz e.V."]

1. d4 d5 2. c4 dxc4 3. Nf3 Nf6 4. e3 Be6 5. Nc3 g6 6. Ng5 Qd6 7. Nxe6 Qxe6 8.
Qa4+ Nc6 9. Bxc4 Qd6 10. Qb3 Qb4 11. Bxf7+ Kd8 12. Qd1 Ne4 13. Qc2 Nxc3 14.
bxc3 Qd6 15. Bc4 Bg7 16. O-O Kd7 17. a4 Rad8 18. Ba3 Qf6 19. Bb5 Kc8 20. Bxc6
Qxc6 21. Bxe7 Rd7 22. Bh4 Re8 23. Bg3 Qc4 24. Rfb1 b6 25. a5 Re6 26. axb6 axb6
27. Ra4 Qc6 28. Rba1 Kd8 29. c4 Ke7 30. d5 Rxd5 31. Rc1 Ra5 32. Rxa5 bxa5 33.
Qa2 Qa6 34. Bxc7 Be5 35. Qxa5 Qxa5 36. Bxa5 Rc6 37. f4 Bb2 38. Rc2 Ba3 39. Kf2
Ke6 40. g4 Bc5 41. Kf3 Kf6 42. Bc3+ Ke6 43. Bd4 h6 44. h4 h5 45. g5 Kf5 46. Rd2
Bxd4 47. Rxd4 Ke6 48. Ke4 Rc5 49. Kd3 Kf5 50. Rd5+ Rxd5+ 51. cxd5 Kg4 52. d6
Kxh4 53. d7 Kg3 54. d8=Q h4 55. Qf6 h3 56. Qxg6 h2 57. Qh5 Kg2 1-0

[Event "?"]
[Site "?"]
[Date "2013.07.22"]
[Round "4.27"]
[White "Smets, Heike"]
[Black "Stetefeldt, Mario"]
[Result "0-1"]
[WhiteElo "1445"]
[BlackElo "1656"]
[PlyCount "102"]
[EventDate "2013.??.??"]
[WhiteTeam "vereinslos"]
[BlackTeam "SK Sülz-Klettenberg"]

1. d4 Nf6 2. Bf4 g6 3. e3 Bg7 4. c4 d6 5. Nc3 O-O 6. Nf3 Nbd7 7. Bd3 Nh5 8. Ne2
e5 9. Bg3 Nxg3 10. Nxg3 f5 11. Bc2 e4 12. Nd2 c5 13. Ne2 Qg5 14. O-O Nf6 15. f3
Qxe3+ 16. Rf2 exf3 17. gxf3 Ng4 18. fxg4 fxg4 19. Ne4 Bf5 20. Qd2 Qxd2 21. Nxd2
Bxc2 22. Rc1 Ba4 23. b3 Bd7 24. d5 Be5 25. Rcf1 Rxf2 26. Rxf2 Rf8 27. Rg2 Kg7
28. Ng3 Bf5 29. Nge4 h5 30. Ng5 Bf4 31. Ne6+ Bxe6 32. dxe6 Bxd2 33. Rxd2 Re8
34. Rxd6 Re7 35. Rd7 Kf6 36. Rd5 b6 37. Kg2 Kxe6 38. Kg3 Rf7 39. Rg5 Rf3+ 40.
Kg2 Kf6 41. Rd5 Re3 42. Kf2 Re5 43. Rd7 a5 44. Rd6+ Re6 45. Rd5 g5 46. a4 h4
47. Rd3 Kf5 48. Rc3 Kf4 49. Rd3 g3+ 50. hxg3+ hxg3+ 51. Rxg3 Re2+ 0-1

[Event "?"]
[Site "?"]
[Date "2013.07.22"]
[Round "4.28"]
[White "Mennicken, Leonardo"]
[Black "Jakob, Gudrun"]
[Result "0-1"]
[WhiteElo "955"]
[BlackElo "1033"]
[PlyCount "100"]
[EventDate "2013.??.??"]
[WhiteTeam "Klub Kölner SF e.V. 1"]
[BlackTeam "Klub Kölner SF e.V. 1"]

1. d4 d6 2. c4 Nf6 3. Nf3 Nbd7 4. Nc3 c5 5. e3 e6 6. Bd3 Be7 7. Bd2 e5 8. d5
Nb6 9. O-O Bg4 10. Be2 Bxf3 11. Bxf3 Nxc4 12. Qa4+ Qd7 13. Qxc4 O-O 14. Qd3
Rac8 15. b3 a6 16. a4 Qc7 17. Be2 Rfe8 18. e4 Qb6 19. Rab1 a5 20. Be3 Qc7 21.
Nb5 Qb8 22. Rfc1 b6 23. Bg5 h6 24. Bd2 Nh7 25. Qg3 Bg5 26. Bxg5 Nxg5 27. Bh5
Nxe4 28. Qf3 Nf6 29. Bg4 Rcd8 30. Bh3 e4 31. Qe3 Nxd5 32. Qe2 e3 33. Bf5 Nf4
34. Qc2 exf2+ 35. Qxf2 d5 36. g3 Ne2+ 37. Kf1 Nxc1 38. Rxc1 Qe5 39. Nc3 d4 40.
Ne4 g6 41. Bxg6 fxg6 42. Nf6+ Kg7 43. Nxe8+ Rxe8 44. Qg2 Qe3 45. Qb7+ Re7 46.
Qxb6 Rf7+ 47. Kg2 Qe2+ 48. Kh3 Qe3 49. Rxc5 h5 50. Rg5 Qxg5 0-1

[Event "?"]
[Site "?"]
[Date "2013.07.22"]
[Round "5.1"]
[White "Sewald, Kathrin"]
[Black "Havenith, Michael"]
[Result "1-0"]
[WhiteElo "1395"]
[BlackElo "1667"]
[PlyCount "129"]
[EventDate "2013.??.??"]
[WhiteTeam "SG Porz e.V."]
[BlackTeam "SV Würselen 1926 e.V."]

1. e4 d5 2. e5 c5 3. c3 Nc6 4. d4 cxd4 5. cxd4 Qb6 6. Ne2 Bg4 7. f3 Bf5 8. Nbc3
e6 9. a3 Nge7 10. Ra2 Bg6 11. Be3 Nxe5 12. Nf4 N7c6 13. Na4 Qa5+ 14. Bd2 Nxf3+
15. gxf3 Qd8 16. Nxg6 hxg6 17. Be3 Be7 18. Qd2 Bh4+ 19. Kd1 Qf6 20. Bg2 Qf5 21.
Qc2 Bf6 22. Qxf5 gxf5 23. Nc5 b6 24. Nb3 a5 25. a4 g5 26. h3 Kd7 27. Ra1 Rh5
28. Kd2 f4 29. Bf2 Rc8 30. Rac1 Rhh8 31. Bf1 Nb4 32. Bb5+ Kd6 33. Rxc8 Rxc8 34.
Rc1 Rxc1 35. Nxc1 Bd8 36. Nd3 Nxd3 37. Kxd3 f6 38. Be1 f5 39. Be8 Ke7 40. Bc6
Kd6 41. Ba8 Bf6 42. b4 Bd8 43. Bd2 Bc7 44. b5 Bd8 45. Bc1 Kc7 46. Ke2 Bf6 47.
h4 gxh4 48. Bxf4+ Kd7 49. Bc6+ Kd8 50. Be3 h3 51. Kf2 Bh4+ 52. Kg1 Bg3 53. Bg5+
Kc7 54. Bf6 f4 55. Be5+ Kd8 56. Bb8 Kc8 57. Bd6 Kd8 58. Be8 h2+ 59. Kg2 Bf2 60.
Bf7 Bxd4 61. Bxe6 Be3 62. Bxd5 Kd7 63. Be5 Bd2 64. Kxh2 Ke7 65. Kh3 1-0

[Event "?"]
[Site "?"]
[Date "2013.07.22"]
[Round "5.2"]
[White "Baltic, Fatih"]
[Black "Miranda Laferte, Erick"]
[Result "0-1"]
[WhiteElo "1591"]
[BlackElo "1664"]
[PlyCount "86"]
[EventDate "2013.??.??"]
[WhiteTeam "DJK Aufwärts St. Josef Aachen 19"]
[BlackTeam "Hannover 96"]

1. e4 c5 2. Nf3 Nc6 3. d4 cxd4 4. Nxd4 d6 5. Nc3 e6 6. Be3 Nf6 7. Bd3 a6 8. O-O
Be7 9. Kh1 O-O 10. Nb3 d5 11. exd5 Nxd5 12. Nxd5 Qxd5 13. Bd4 Nxd4 14. Nxd4 Bf6
15. Nb3 Bxb2 16. Rb1 Bc3 17. Qe2 Qe5 18. Qf3 Rb8 19. Nc1 f5 20. Ne2 Ba5 21. Ng3
b5 22. Qe2 Qxe2 23. Nxe2 e5 24. a4 Be6 25. Ng3 e4 26. Be2 bxa4 27. Bxa6 Rxb1
28. Rxb1 Bc3 29. Ne2 Bf6 30. c3 a3 31. h3 a2 32. Ra1 Rb8 33. Rxa2 Bxa2 34. g3
g6 35. Kg2 Bd5 36. Kh2 e3 37. fxe3 Rb1 38. g4 Be5+ 39. Nf4 Bxf4+ 40. exf4 fxg4
41. hxg4 Rc1 42. g5 Rxc3 43. Be2 Rc2 0-1

[Event "?"]
[Site "?"]
[Date "2013.07.22"]
[Round "5.3"]
[White "Rebischke, Florian"]
[Black "Hiendl, David"]
[Result "0-1"]
[WhiteElo "1440"]
[BlackElo "1603"]
[PlyCount "78"]
[EventDate "2013.??.??"]
[WhiteTeam "SF Köln-Mülheim e.V."]
[BlackTeam "SF Lohmar 1974 e.V."]

1. e4 e6 2. d4 d5 3. exd5 exd5 4. Nf3 Nf6 5. h3 h6 6. Bd3 Bd6 7. O-O O-O 8. Be3
Be6 9. Nbd2 Nbd7 10. c3 c6 11. Ne1 b5 12. b4 a5 13. a3 axb4 14. axb4 Rxa1 15.
Qxa1 Qa8 16. Qxa8 Rxa8 17. Nc2 Nb6 18. Ra1 Rxa1+ 19. Nxa1 Na4 20. Nb1 Ne4 21.
Bxe4 dxe4 22. Nc2 Ba2 23. Nca3 f5 24. g3 g5 25. Bd2 Kf7 26. Kf1 Kf6 27. Be1 h5
28. Nd2 Nxc3 29. Nb3 Bxb4 30. Nc2 Bxb3 31. Nxb4 Bc4+ 32. Kg2 Ne2 33. Nxc6 Ke6
34. Bb4 f4 35. Bc5 fxg3 36. fxg3 Bd5 37. Nb4 e3+ 38. Nxd5 Kxd5 39. Kf3 Nxd4+
0-1

[Event "?"]
[Site "?"]
[Date "2013.07.22"]
[Round "5.4"]
[White "Rokitta, Norbert"]
[Black "Sewald, Jörg"]
[Result "1-0"]
[WhiteElo "1583"]
[BlackElo "1481"]
[PlyCount "79"]
[EventDate "2013.??.??"]
[WhiteTeam "SF Lohmar 1974 e.V."]
[BlackTeam "SF Esch e.V."]

1. e4 b6 2. d4 Bb7 3. Nc3 g6 4. Be3 Bg7 5. Qd2 h6 6. Bd3 e6 7. f3 d6 8. Nce2
Nd7 9. f4 Ne7 10. Nf3 a6 11. O-O Nf6 12. Nc3 Ng4 13. h3 Nxe3 14. Qxe3 Nc6 15.
d5 Nb4 16. dxe6 fxe6 17. e5 Nxd3 18. Qxd3 Kf7 19. exd6 cxd6 20. Rad1 d5 21.
Ne5+ Bxe5 22. fxe5+ Kg7 23. Rf6 Qe8 24. Rdf1 Rg8 25. Ne2 Kh7 26. Nf4 Bc8 27.
Nh5 Ra7 28. R6f3 Qb5 29. Qxb5 axb5 30. Nf6+ Kg7 31. Nxg8 Ba6 32. Nf6 b4 33.
R1f2 Re7 34. Ng4 Bc4 35. b3 Bb5 36. Rf8 Be8 37. R8f4 h5 38. Nh2 Ra7 39. Rxb4
Rxa2 40. Rxb6 1-0

[Event "?"]
[Site "?"]
[Date "2013.07.22"]
[Round "5.5"]
[White "Engel, Johann"]
[Black "Sewald, Richard"]
[Result "1-0"]
[WhiteElo "1575"]
[BlackElo "1301"]
[PlyCount "99"]
[EventDate "2013.??.??"]
[WhiteTeam "Brühler SK 1920 e.V."]
[BlackTeam "SG Porz e.V."]

1. d4 Nf6 2. c4 e6 3. Nf3 b6 4. Nc3 Bb7 5. Bf4 Bb4 6. e3 Ne4 7. Rc1 Nxc3 8.
bxc3 Ba3 9. Rb1 Be7 10. Bd3 c5 11. O-O d5 12. cxd5 exd5 13. Bxb8 Rxb8 14. Bb5+
Kf8 15. Ne5 Rc8 16. Qh5 g6 17. Qh6+ Kg8 18. f4 Bf8 19. Qh3 Bg7 20. Nd3 c4 21.
Ne5 Bxe5 22. fxe5 Rc7 23. Rf6 Bc8 24. Qf3 Kg7 25. Rd6 Qe7 26. Qf6+ Qxf6 27.
exf6+ Kh6 28. Rxd5 a6 29. Ba4 b5 30. Bc2 Re8 31. e4 Rc6 32. Rf1 Be6 33. Re5 Bd7
34. Rxe8 Bxe8 35. e5 Re6 36. Rf3 Kg5 37. Rg3+ Kf4 38. Kf2 Bc6 39. Bd1 Bd5 40.
h3 h5 41. Bc2 Be4 42. Bxe4 Kxe4 43. Rxg6 b4 44. cxb4 Kxd4 45. Rg5 Rxe5 46. Rxe5
Kxe5 47. Ke3 Kd5 48. g4 hxg4 49. hxg4 Ke5 50. g5 1-0

[Event "?"]
[Site "?"]
[Date "2013.07.22"]
[Round "5.6"]
[White "Hertling, Jürgen"]
[Black "Knütter, Helmut"]
[Result "1/2-1/2"]
[WhiteElo "1415"]
[BlackElo "1714"]
[PlyCount "96"]
[EventDate "2013.??.??"]
[WhiteTeam "SF Köln-Mülheim e.V."]
[BlackTeam "SK Sülz-Klettenberg"]

1. d4 Nf6 2. c4 e6 3. Nc3 Bb4 4. Qc2 Bxc3+ 5. Qxc3 Ne4 6. Qc2 f5 7. Nf3 O-O 8.
e3 b6 9. Be2 Bb7 10. O-O d6 11. b3 Nd7 12. Bb2 Qe7 13. Rfd1 Rad8 14. Nd2 Qg5
15. Bf3 Ndf6 16. d5 Nxd2 17. Rxd2 e5 18. Rf1 Bc8 19. Bd1 Ne4 20. Re2 Nc5 21. f4
exf4 22. exf4 Qg6 23. Re3 Ne4 24. Bf3 Nf6 25. Be2 Rde8 26. Rg3 Qf7 27. Bd3 Nh5
28. Rh3 Re7 29. Be2 Nf6 30. Bd3 Ne8 31. Rg3 g6 32. Qc3 Ng7 33. Qxg7+ Qxg7 34.
Bxg7 Kxg7 35. Kf2 Rfe8 36. h4 h5 37. Rd1 Kf6 38. Rh3 Bd7 39. Rg3 a6 40. a4 a5
41. Rc1 Rc8 42. Re3 Rce8 43. Rxe7 Rxe7 44. Re1 c6 45. Rxe7 Kxe7 46. g3 cxd5 47.
cxd5 Kd8 48. Ke3 Kc7 1/2-1/2

[Event "?"]
[Site "?"]
[Date "2013.07.22"]
[Round "5.7"]
[White "Kronseder, Michael"]
[Black "Havenith, Julia"]
[Result "1-0"]
[WhiteElo "1689"]
[BlackElo "1407"]
[PlyCount "34"]
[EventDate "2013.??.??"]
[WhiteTeam "SV 1925 Hürth-Berrenra"]
[BlackTeam "SV Würselen 1926 e.V."]

1. e4 e5 2. Nc3 Nf6 3. f4 exf4 4. e5 Ng8 5. Nf3 d6 6. d4 Nc6 7. Bxf4 dxe5 8.
Qe2 Bg4 9. Bxe5 Bxf3 10. Qxf3 Nxe5 11. dxe5 Qh4+ 12. g3 Qb4 13. Bb5+ c6 14.
Bxc6+ Ke7 15. Bd5 f6 16. O-O-O Rb8 17. Bxg8 Rxg8 1-0

[Event "?"]
[Site "?"]
[Date "2013.07.22"]
[Round "5.8"]
[White "Pohl, Stefan"]
[Black "Kürten, Lothar"]
[Result "1-0"]
[WhiteElo "1363"]
[BlackElo "1653"]
[PlyCount "93"]
[EventDate "2013.??.??"]
[WhiteTeam "Klub Kölner SF e.V. 1"]
[BlackTeam "SF Köln-Longerich 195"]

1. e4 e6 2. d4 d5 3. exd5 exd5 4. Nf3 Nf6 5. Bg5 Be7 6. Bd3 O-O 7. O-O Bg4 8.
Re1 Nbd7 9. c3 Re8 10. Nbd2 h6 11. Bh4 Bd6 12. Qc2 c6 13. Rxe8+ Qxe8 14. Re1
Qf8 15. h3 Be6 16. Ne5 Re8 17. f4 Nb6 18. g4 Bc8 19. Kh1 Nfd7 20. Rg1 Nxe5 21.
fxe5 Be7 22. g5 h5 23. Rf1 Bxh3 24. Rf2 Be6 25. Nf1 Rc8 26. Ng3 Bg4 27. Bg6 Be6
28. Nxh5 Qe8 29. Bh7+ Kh8 30. Nf4 Qd7 31. Rh2 Rg8 32. Bxg8 Bf5 33. Qf2 Be4+ 34.
Kg1 Qg4+ 35. Bg3+ Kxg8 36. Nh3 Bxg5 37. Nxg5 Qxg5 38. Qf4 Qxf4 39. Bxf4 Nd7 40.
Kf2 Nf8 41. Ke3 Ne6 42. Rh4 Kf8 43. Rh8+ Ke7 44. Rb8 Nd8 45. Bg5+ f6 46. exf6+
gxf6 47. Bxf6+ 1-0

[Event "?"]
[Site "?"]
[Date "2013.07.22"]
[Round "5.9"]
[White "Eichhorn, Mike"]
[Black "Johnen, Franz"]
[Result "1/2-1/2"]
[WhiteElo "1354"]
[BlackElo "1565"]
[PlyCount "103"]
[EventDate "2013.??.??"]
[WhiteTeam "VfB Schach Leipzig e.V."]
[BlackTeam "SVigung 1928 Alsdorf e"]

1. e4 c5 2. Nf3 Nc6 3. d4 cxd4 4. Nxd4 e5 5. Nxc6 dxc6 6. Qxd8+ Kxd8 7. Bc4 f6
8. O-O Bc5 9. Nc3 Bg4 10. h3 Bh5 11. Re1 Kc7 12. a3 b5 13. Ba2 Rd8 14. Be3 Bxe3
15. Rxe3 Rd2 16. Bb3 a5 17. Rd3 Rxd3 18. cxd3 a4 19. Bd1 Bf7 20. Bc2 Ne7 21.
Rd1 Rd8 22. Ne2 c5 23. f4 Nc6 24. fxe5 fxe5 25. Ng3 Nd4 26. Bb1 Rd7 27. Rf1 g6
28. Kf2 Kd6 29. Ne2 Bb3 30. Ke3 Rf7 31. Rxf7 Bxf7 32. Nxd4 cxd4+ 33. Kf3 Be6
34. h4 h5 35. g3 Kc5 36. Ke2 b4 37. Bc2 Kb5 38. Kd2 Ka5 39. Bd1 b3 40. Be2 Kb5
41. Kc1 Kc6 42. Kd2 Kd6 43. Ke1 Ke7 44. Kf2 Kf6 45. Kg2 Kg7 46. Kh2 Kh6 47. Kg2
Bd7 48. Kf2 Bh3 49. Kg1 g5 50. Kf2 Kg6 51. Kg1 gxh4 52. gxh4 1/2-1/2

[Event "?"]
[Site "?"]
[Date "2013.07.22"]
[Round "5.10"]
[White "Biermann, Florian"]
[Black "Breuer, Achim"]
[Result "1/2-1/2"]
[WhiteElo "1290"]
[BlackElo "1473"]
[PlyCount "71"]
[EventDate "2013.??.??"]
[WhiteTeam "TuS Ende 1892 e.V."]
[BlackTeam "SV Bayer Dormagen 47"]

1. d4 e6 2. c4 d5 3. Nc3 Nf6 4. Nf3 c5 5. e3 Nc6 6. Be2 dxc4 7. Bxc4 Be7 8. O-O
O-O 9. b3 b6 10. Bb2 Bb7 11. Qd2 Qc7 12. Rad1 Rad8 13. Qc2 a6 14. Rd2 Bd6 15.
h3 Rd7 16. Rfd1 Nb4 17. Qb1 Bxf3 18. gxf3 Rfd8 19. a3 Nc6 20. Ne4 Be7 21. Nxf6+
Bxf6 22. Qe4 cxd4 23. Bxd4 Nxd4 24. exd4 b5 25. Bf1 Qd6 26. a4 Qb4 27. axb5
axb5 28. Rd3 g6 29. d5 Qxe4 30. fxe4 exd5 31. Rxd5 Rxd5 32. Rxd5 Rxd5 33. exd5
b4 34. d6 Kf8 35. d7 Bd8 36. Bb5 1/2-1/2

[Event "?"]
[Site "?"]
[Date "2013.07.22"]
[Round "5.11"]
[White "Hiendl, Robert"]
[Black "Biermann, Lenhard"]
[Result "1-0"]
[WhiteElo "1638"]
[BlackElo "1160"]
[PlyCount "75"]
[EventDate "2013.??.??"]
[WhiteTeam "SF Lohmar 1974 e.V."]
[BlackTeam "TuS Ende 1892 e.V."]

1. c4 e6 2. Nc3 c6 3. g3 Nf6 4. Bg2 Be7 5. d4 O-O 6. e4 d5 7. e5 Nfd7 8. b3 a6
9. Nf3 dxc4 10. bxc4 Bb4 11. Bd2 c5 12. d5 Bxc3 13. Bxc3 Nb6 14. Ba5 exd5 15.
cxd5 Bf5 16. Nh4 Bg6 17. Nxg6 hxg6 18. O-O N8d7 19. Rb1 Re8 20. Re1 Rxe5 21.
Rxe5 Nxe5 22. Bxb6 Qd6 23. Qc2 f5 24. Qxc5 Qxc5 25. Bxc5 Nd7 26. Bd4 b5 27. Rc1
Rb8 28. Rc7 Nf6 29. Bxf6 gxf6 30. Rc6 a5 31. Rxf6 Kg7 32. Ra6 a4 33. Kf1 Kh6
34. f4 Kh5 35. Bf3+ Kh6 36. Be2 Rd8 37. d6 Rb8 38. d7 1-0

[Event "?"]
[Site "?"]
[Date "2013.07.22"]
[Round "5.12"]
[White "Masalsky, Boris"]
[Black "Reinartz, Ulrich"]
[Result "0-1"]
[WhiteElo "1475"]
[BlackElo "1676"]
[PlyCount "78"]
[EventDate "2013.??.??"]
[WhiteTeam "LSV Turm Lippstadt"]
[BlackTeam "vereinslos"]

1. e4 c5 2. Nf3 Nc6 3. d4 cxd4 4. Nxd4 e5 5. Nb3 Nf6 6. Nc3 Bb4 7. Bd3 d5 8.
exd5 Qxd5 9. O-O Bxc3 10. bxc3 O-O 11. Bg5 e4 12. Bxf6 exd3 13. Bh4 Qc4 14. Bg3
Bf5 15. Qf3 Bg6 16. cxd3 Bxd3 17. Rfc1 Be2 18. Qf4 Rfe8 19. Qc7 Re7 20. Qf4
Rae8 21. Qxc4 Bxc4 22. f3 f6 23. Nd2 Ba6 24. Ne4 b6 25. Re1 Ne5 26. Nd6 Rd8 27.
Nf5 Ree8 28. Rad1 Nd3 29. Rxe8+ Rxe8 30. Nd4 Rc8 31. Ne6 Rxc3 32. Bb8 Ra3 33.
Nd4 Bc4 34. Nc6 a6 35. h3 Rxa2 36. Kh2 b5 37. Bd6 a5 38. Nd8 b4 39. Nc6 b3 0-1

[Event "?"]
[Site "?"]
[Date "2013.07.22"]
[Round "5.13"]
[White "Schröter, Ron"]
[Black "Plitt, Stefan"]
[Result "0-1"]
[WhiteElo "1452"]
[BlackElo "1664"]
[PlyCount "72"]
[EventDate "2013.??.??"]
[WhiteTeam "SG Porz e.V."]
[BlackTeam "SV Grünfeld e.V."]

1. e4 d5 2. exd5 Nf6 3. d4 Bg4 4. Be2 Bxe2 5. Nxe2 Qxd5 6. Nbc3 Qd7 7. Bf4 e6
8. O-O Bd6 9. Bg5 Be7 10. Ng3 h6 11. Bxf6 Bxf6 12. Nce2 Nc6 13. c3 O-O-O 14.
Ne4 Be7 15. Nc5 Bxc5 16. dxc5 Qd2 17. Qxd2 Rxd2 18. Nf4 Rxb2 19. Rfd1 Rd8 20.
Rxd8+ Kxd8 21. Kf1 Ne5 22. h3 Rb5 23. Rd1+ Ke7 24. Nd3 Nxd3 25. Rxd3 Rxc5 26.
Rg3 g6 27. Re3 Ra5 28. Re2 Rd5 29. f3 Kd6 30. Rb2 b5 31. Ke2 Kc5 32. c4 Re5+
33. Kd2 b4 34. Rb3 Kxc4 35. Rd3 Rd5 36. Rxd5 Kxd5 0-1

[Event "?"]
[Site "?"]
[Date "2013.07.22"]
[Round "5.14"]
[White "Beißel, Daniel"]
[Black "Müller, Adrian"]
[Result "0-1"]
[WhiteElo "1615"]
[BlackElo "1382"]
[PlyCount "78"]
[EventDate "2013.??.??"]
[WhiteTeam "SV Horrem 1948"]
[BlackTeam "SV Fideler Bauer Lever"]

1. d4 Nf6 2. c4 g6 3. Nc3 Bg7 4. e4 d6 5. Bd3 O-O 6. f4 Nbd7 7. Nf3 Ne8 8. Qe2
e5 9. fxe5 dxe5 10. d5 a5 11. Be3 h6 12. a3 f5 13. c5 f4 14. Bf2 g5 15. h3 h5
16. Nh2 Ndf6 17. Kd2 g4 18. hxg4 Nxg4 19. Nf3 Nxf2 20. Qxf2 Bg4 21. Rag1 Qe7
22. Be2 Bh6 23. Kc2 Nf6 24. g3 Rad8 25. gxf4 Bxf4 26. Nh4 Kf7 27. Bc4 Ke8 28.
Ng6 Qh7 29. Nxf8 Kxf8 30. Qh4 Qg6 31. Bd3 Rd7 32. b4 axb4 33. axb4 Rf7 34. Ra1
Bg3 35. Ra8+ Kg7 36. c6 bxc6 37. Qxg3 Bd1+ 38. Nxd1 Qxg3 39. Re1 Qxe1 0-1

[Event "?"]
[Site "?"]
[Date "2013.07.22"]
[Round "5.15"]
[White "Medvedev, Alexander"]
[Black "Oerder, Timon"]
[Result "0-1"]
[WhiteElo "1580"]
[BlackElo "1323"]
[PlyCount "114"]
[EventDate "2013.??.??"]
[WhiteTeam "Düsseldorfer SV 1854"]
[BlackTeam "SV Fideler Bauer Lever"]

1. d4 Nf6 2. c4 g6 3. Nc3 Bg7 4. e4 d6 5. Nf3 O-O 6. Be2 e5 7. d5 Nbd7 8. O-O
a5 9. a3 Ne8 10. Nd2 f5 11. f3 f4 12. Rb1 Qg5 13. b4 axb4 14. axb4 h5 15. Nb3
h4 16. c5 Ndf6 17. Bb5 Nh5 18. Bxe8 Rxe8 19. Nb5 Ng3 20. hxg3 hxg3 21. Ra1 Qh4
22. Re1 Qh2+ 23. Kf1 Rxa1 24. Nxa1 Qh1+ 25. Ke2 Qxg2+ 26. Kd3 dxc5 27. Qe2 Qh3
28. Nxc7 b6 29. b5 Bd7 30. Kc4 Rc8 31. Na6 g5 32. Nb3 g4 33. Nd2 g2 34. Rg1
gxf3 35. Qxf3 Qxf3 36. Nxf3 Bg4 37. Nxc5 Bxf3 38. Ba3 Bxe4 39. Kb4 Bxd5 40. Nd3
f3 41. Bb2 e4 42. Bxg7 Kxg7 43. Nf4 Bb7 44. Nxg2 fxg2 45. Rxg2+ Kf6 46. Rh2 Bd5
47. Re2 Rc4+ 48. Ka3 Rc3+ 49. Ka4 Ke5 50. Rh2 Kd4 51. Rh4 Bc4 52. Rh6 Rb3 53.
Rxb6 Rxb5 54. Rd6+ Rd5 55. Rh6 Kc3 56. Rh8 Rd6 57. Ra8 Ra6+ 0-1

[Event "?"]
[Site "?"]
[Date "2013.07.22"]
[Round "5.16"]
[White "Gail, Edgar"]
[Black "Petersohn, Sadko"]
[Result "1-0"]
[WhiteElo "1554"]
[BlackElo "1078"]
[PlyCount "53"]
[EventDate "2013.??.??"]
[WhiteTeam "Klub Kölner SF e.V. 1"]
[BlackTeam "VfB Schach Leipzig e.V."]

1. e4 e5 2. Nf3 Nc6 3. Bb5 Bc5 4. c3 Nf6 5. Qe2 O-O 6. O-O d5 7. exd5 Qxd5 8.
Rd1 Bxf2+ 9. Kxf2 Ng4+ 10. Kg1 Qc5+ 11. d4 exd4 12. Nxd4 Bd7 13. Bxc6 Rfe8 14.
Qf3 Qe5 15. g3 bxc6 16. Bf4 Qh5 17. h4 Re7 18. Nd2 Rae8 19. b4 g5 20. Bxg5 Re5
21. Bf4 Rd5 22. N2b3 c5 23. Nxc5 Rxd4 24. Rxd4 Qf5 25. Rxd7 Qc2 26. Qxg4+ Kh8
27. Bh6 1-0

[Event "?"]
[Site "?"]
[Date "2013.07.22"]
[Round "5.17"]
[White "Mersch, Peter Daniel"]
[Black "Kühlwein, Ralf"]
[Result "0-1"]
[WhiteElo "1330"]
[BlackElo "1553"]
[PlyCount "86"]
[EventDate "2013.??.??"]
[WhiteTeam "Klub Kölner SF e.V. 1"]
[BlackTeam "Klub Kölner SF e.V. 1"]

1. e4 c5 2. Nf3 d6 3. d4 cxd4 4. Nxd4 Nf6 5. Nc3 a6 6. Bc4 e6 7. O-O b5 8. Bb3
Be7 9. f4 e5 10. Nf3 Qb6+ 11. Kh1 Qc5 12. f5 Bb7 13. Re1 Ng4 14. Qe2 Nf2+ 15.
Kg1 Nxe4+ 16. Be3 Nxc3 17. Bxf7+ Kxf7 18. Ng5+ Bxg5 19. Qh5+ g6 20. fxg6+ hxg6
21. Qxg5 Qc6 22. Rf1+ Ke8 23. Qxg6+ Kd8 24. bxc3 Nd7 25. Rad1 Kc7 26. Rf7 Rag8
27. Rg7 Rxg7 28. Qxg7 Qe4 29. Rd3 Rh6 30. Qg3 Rg6 31. Qh3 Qxg2+ 32. Qxg2 Rxg2+
33. Kf1 Rxc2 34. Rd2 Rxc3 35. Ke2 Nf6 36. h4 Ne4 37. Rd1 Rc2+ 38. Ke1 Ng3 39.
Bd2 Rxa2 40. Rc1+ Kd7 41. Bg5 Rh2 42. Bf6 Rh1+ 43. Kd2 Ne4+ 0-1

[Event "?"]
[Site "?"]
[Date "2013.07.22"]
[Round "5.18"]
[White "Hoferichter, Michael"]
[Black "Yon, Gregory"]
[Result "0-1"]
[WhiteElo "1269"]
[BlackElo "1523"]
[PlyCount "62"]
[EventDate "2013.??.??"]
[WhiteTeam "Klub Kölner SF e.V. 1"]
[BlackTeam "Turnerschaft Bergisch Gladbach 1"]

1. e4 d6 2. d4 Nf6 3. Nc3 g6 4. Nf3 Bg7 5. Bd3 O-O 6. Be3 e5 7. dxe5 dxe5 8. h3
Re8 9. Qd2 c6 10. O-O-O b5 11. Bh6 Qc7 12. Bxg7 Kxg7 13. g4 a5 14. Nh4 Be6 15.
Kb1 Na6 16. a3 Red8 17. Rhg1 b4 18. Na2 bxa3 19. Nf5+ Bxf5 20. gxf5 Rab8 21. b3
Nc5 22. fxg6 fxg6 23. f3 Nxd3 24. cxd3 Rxb3+ 25. Ka1 Qb6 26. Rb1 Qd4+ 27. Nc3
Rxc3 28. Rb7+ Rd7 29. Rxd7+ Nxd7 30. Ka2 Rxd3 31. Qe1 Qb2# 0-1

[Event "?"]
[Site "?"]
[Date "2013.07.22"]
[Round "5.20"]
[White "Krug, Franz-Dieter"]
[Black "Margenberg, Volker"]
[Result "0-1"]
[WhiteElo "1443"]
[BlackElo "1625"]
[PlyCount "70"]
[EventDate "2013.??.??"]
[WhiteTeam "SVigung 1928 Alsdorf e"]
[BlackTeam "SV Wiehl 1923 e.V."]

1. d4 Nf6 2. c4 g6 3. e3 Bg7 4. Bd3 O-O 5. Nf3 d6 6. h3 Nbd7 7. Qc2 e5 8. dxe5
Nxe5 9. Nxe5 dxe5 10. O-O b6 11. e4 Bb7 12. Nc3 Qe7 13. Bg5 h6 14. Bh4 g5 15.
Bg3 c6 16. f3 Nh5 17. Bh2 Nf4 18. Bxf4 gxf4 19. Qf2 Kh7 20. g4 fxg3 21. Qxg3
Rg8 22. Kh1 Bf8 23. Qh2 Qe6 24. Rg1 Bc5 25. Ne2 Bxg1 26. Rxg1 Rxg1+ 27. Nxg1
Rd8 28. Qe2 Qd6 29. Bc2 Qb4 30. Bd3 Qd6 31. Bc2 Qd4 32. Bb3 c5 33. Qg2 Rg8 34.
Qf1 Bc8 35. h4 Qxb2 0-1

[Event "?"]
[Site "?"]
[Date "2013.07.22"]
[Round "5.21"]
[White "Jansen, Kurt"]
[Black "Schumacher, Markus"]
[Result "0-1"]
[WhiteElo "1460"]
[BlackElo "1283"]
[PlyCount "96"]
[EventDate "2013.??.??"]
[WhiteTeam "SK Sülz-Klettenberg"]
[BlackTeam "Godesberger SK 1929 e.V."]

1. e4 d6 2. d4 Nf6 3. Bd3 g6 4. Ne2 Bg7 5. c3 O-O 6. Ng3 e5 7. d5 c6 8. c4 Bd7
9. O-O a5 10. a4 Na6 11. Bg5 Qb6 12. Bc1 Nc5 13. Ra3 cxd5 14. cxd5 Rac8 15. b3
Rc7 16. Be3 Ng4 17. Bxc5 Rxc5 18. Bc4 Qb4 19. Qd2 b5 20. Qxb4 axb4 21. Bxb5
Bxb5 22. axb5 bxa3 23. Nxa3 Rc3 24. Nc4 Rxb3 25. Nxd6 Rd8 26. Nc4 Rxb5 27. f3
Nf6 28. Rd1 Bf8 29. Nxe5 Nd7 30. Nc6 Ra8 31. d6 Ne5 32. Nxe5 Rxe5 33. d7 Rd8
34. Ne2 Re7 35. Nf4 Rexd7 36. Nd5 Kg7 37. Rc1 f5 38. Rc4 Kf7 39. Kf2 fxe4 40.
fxe4 Rb8 41. Kf3 Bd6 42. g3 Ke6 43. Rc3 h5 44. h4 Rf7+ 45. Kg2 Rb2+ 46. Kh3
Rff2 47. Nf4+ Kf6 48. Nd5+ Kf7 0-1

[Event "?"]
[Site "?"]
[Date "2013.07.22"]
[Round "5.22"]
[White "Reiter, Ute"]
[Black "Klein, Markus"]
[Result "0-1"]
[WhiteElo "1179"]
[BlackElo "1355"]
[PlyCount "151"]
[EventDate "2013.??.??"]
[WhiteTeam "Brühler SK 1920 e.V."]
[BlackTeam "SK Sülz-Klettenberg"]

1. e4 e5 2. Nf3 d6 3. Be2 Ne7 4. O-O Ng6 5. d3 Nc6 6. Nc3 Be7 7. Be3 O-O 8. Nd5
f5 9. Nxe7+ Ncxe7 10. exf5 Bxf5 11. c3 b6 12. d4 e4 13. Nd2 d5 14. c4 c6 15. b4
a6 16. a4 Nc8 17. b5 axb5 18. cxb5 cxb5 19. Bxb5 Rb8 20. Qh5 Na7 21. f4 Nxb5
22. axb5 Qd7 23. Rab1 Bg4 24. Qg5 Rf6 25. h3 Be2 26. Rfc1 Ne7 27. Qg3 Nf5 28.
Qf2 Bd3 29. Rb3 Rg6 30. g4 Nd6 31. Kh2 Nf7 32. Qg3 Nd6 33. Rg1 Rf8 34. g5 Nf5
35. Qe1 Qd6 36. Kh1 Nxe3 37. Qxe3 Rxf4 38. Rg4 Rxg4 39. hxg4 h6 40. Rxd3 hxg5
41. Ra3 Rh6+ 42. Kg2 Qh2+ 43. Kf1 Qh1+ 44. Qg1 Rf6+ 45. Nf3 Rxf3+ 46. Rxf3
Qxf3+ 47. Ke1 Qc3+ 48. Ke2 Qc4+ 49. Kd2 Qxb5 50. Qe3 Qb2+ 51. Kd1 Qa1+ 52. Kd2
Qb2+ 53. Ke1 Qb4+ 54. Kd1 Qe7 55. Qb3 Qd6 56. Qa4 Qd8 57. Qc6 Kf7 58. Qb7+ Kf8
59. Ke2 Kg8 60. Qc6 Kh7 61. Qe6 b5 62. Qf7 Qa5 63. Ke3 Qc3+ 64. Ke2 Qd3+ 65.
Ke1 Qc3+ 66. Kd1 Qxd4+ 67. Kc2 Qa4+ 68. Kb2 Qd4+ 69. Kc2 Qf6 70. Qh5+ Qh6 71.
Qf7 d4 72. Qf5+ Qg6 73. Qxb5 Qf6 74. Qd5 d3+ 75. Kd1 Qf3+ 76. Kd2 0-1